| 000 | 01468cam a2200313 a 4500 | ||
|---|---|---|---|
| 001 | 14819059 | ||
| 005 | 20100514141227.0 | ||
| 008 | 070423s2008 fluab bf 001 0 eng | ||
| 020 | _a142004429X (alk. paper) | ||
| 020 | _a9781420044294 (alk. paper) | ||
| 040 |
_aDLC _cDLC _dBAKER _dBTCTA _dC#P _dUKM _dYDXCP _dDLC |
||
| 082 | 0 | 0 |
_a621.042 _222 _bENE |
| 245 | 0 | 0 |
_aEnergy Management and Conservation Handbook / _cedited by Frank Kreith, D. Yogi Goswami. |
| 260 |
_aBoca Raton : _bCRC Press, _cc2008. |
||
| 300 |
_a1 v. (various pagings) : _bill., map ; _c26 cm. |
||
| 490 | 1 |
_aMechanical engineering series _928689 |
|
| 504 | _aIncludes bibliographical references and index. | ||
| 650 | 0 |
_aPower resources _vHandbooks, manuals, etc. _928690 |
|
| 650 | 0 |
_aEnergy conservation _vHandbooks, manuals, etc. _928691 |
|
| 653 |
_bEle _cFebruary2012 |
||
| 700 | 1 |
_aKreith, Frank. _928692 |
|
| 700 | 1 |
_aGoswami, D. Yogi. _928693 |
|
| 830 | 0 |
_aMechanical engineering series (Boca Raton, Fla.) _928694 |
|
| 856 | 4 | 1 |
_3Table of contents only _uhttp://www.loc.gov/catdir/toc/ecip0716/2007016837.html |
| 856 | 4 | 2 |
_3Publisher description _uhttp://www.loc.gov/catdir/enhancements/fy0713/2007016837-d.html |
| 942 |
_2ddc _cBB |
||
| 999 |
_c16411 _d16411 |
||